| 000 | 00601nam a22002177a 4500 | ||
|---|---|---|---|
| 999 |
_c6710 _d6710 |
||
| 003 | OSt | ||
| 005 | 20200305154930.0 | ||
| 008 | 200305b ||||| |||| 00| 0 eng d | ||
| 020 | _a9780340929629 | ||
| 040 | _cDLC | ||
| 082 |
_aW 84 _bC18j 2008 |
||
| 245 |
_aCare in practice for higher / _cJanet Miller, Susan Gibb |
||
| 250 | _a2nd.ed. | ||
| 260 |
_aHodder Gibson _bLondon _c2007 |
||
| 300 |
_axii, 330p; _bcol.ill: _c20 cm. |
||
| 504 | _aIncludes bibliographical references and index | ||
| 650 | _2Care | ||
| 700 |
_aMiller, Janet _92201 |
||
| 700 |
_aGibb, Susan _913786 |
||
| 942 |
_2ddc _cO_SHELF |
||